000 00363nam a2200145 i 4500
001 bg
100 1 _aRozmarynowicz, Marta.
245 0 _aSprzęt ochrony dróg oddechowych /
_cM. Rozmarynowicz, J. Horak.
260 _aKatowice,
_c1985.
700 1 _aHorak, Janina.
040 _cBPK
041 _apol
942 _cKS
008 s pl f |000 0 pol
999 _c1277
_d1277
856 _uhttp://koha.tu.koszalin.pl/cgi-bin/koha/opac-detail.pl?biblionumber=1277
_yKatalog online BPK